000 00408nam a2200169Ia 4500
001 21697
003 IN-NITTTR
005 20251114233246.0
008 251113s9999||||xx |||||||||||||| ||eng||
040 _beng
040 _cIN-NITTTR
041 _aeng
082 _a621.8 H192 R
100 _aKing, Robert I.
245 0 _aHandbook of high-speed machining technology /
_cKing, Robert I.
942 _2ddc
_cBK
999 _c24327
_d24327